Music Quiz

Random Music or Kpop Quiz

Finish the Kpop Song Title Quiz Stats

 Plays Quiz Updated May 15, 2019

Score 0/39 Timer 07:00
79 Plays Today
% Correct
Style
91.6%
Young
91%
Bop
90.5%
You
89.3%
Luv
88.7%
I
88.1%
Up
87.5%
Bar
85.9%
Bangle
84.9%
Girl
83.2%
Very
83%
Shaker
82.9%
Home
82.4%
Hip
81.9%
Down
81.7%
Scenario
81.6%
Shock
81.3%
Boy
80%
Shot
79.2%
Party
78.9%
% Correct
Sick
78.8%
Era
78.6%
Road
76.6%
Am
75.6%
Cry
74.7%
Seasons
74.6%
Baby
72.6%
Wind
72.1%
Closer
72%
Think
71.3%
Tears
71.1%
Night
68.3%
Goodbye
62.2%
Breeze
62.1%
Fall
62%
Today
61.7%
Mambo
54.4%
Star
50.7%
Rain
45.2%

You're not logged in!

Compare scores with friends on all Sporcle quizzes.
OR
Log In

Show Comments

Extras

Top Quizzes Today


Score Distribution

Your Account Isn't Verified!

In order to create a playlist on Sporcle, you need to verify the email address you used during registration. Go to your Sporcle Settings to finish the process.

Report this User

Report this user for behavior that violates our Community Guidelines.

Details: